000 01052nam a22002537a 4500
001 9421
003 FISKH
005 20260106122031.0
008 260106b cb ||||| |||| 00| 0 eng d
020 _a9780545656290
040 _aFISKH
_beng
_cFISKH
_dFISKH
050 _aPS3048 .A1
082 _a818.303
100 _aPorcellino , John
245 _aThoreau at Walden /
_cby John Porcellino from the writings of Henry David Thoreau with an introduction by D.B . Johnson
260 _aNew York :
_bScholastic ,
_c2008 .
300 _a99 pages :
_bcolor illustrations ;
_c25 cm .
490 _aThe Center for Cartoon Studies Presents
520 _aThis graphic novel, narrated in Thoreau's own words, weaves together elements from "Walden," "Civil disobedience," "Walking," and Thoreau's journals to tell the story of his two years in the woods and of the night he spent in jail for refusing to pay a poll tax.
650 _aCartoons
_vGraphic novel
650 _aTranscendentalists
_vGraphic novel
942 _2ddc
_cBK
_n0
999 _c9421
_d9421